[Event "CAN-ch"]
[Site "Guelph"]
[Date "2015.07.11"]
[Round "3"]
[White "Schneider, Corin"]
[Black "Kiviaho, Bob"]
[Result "0-1"]
[WhiteElo "1685"]
[BlackElo "2163"]
[PlyCount "74"]
[EventDate "2015.07.10"]
[EventType "swiss"]
[EventRounds "9"]
[EventCountry "CAN"]
[SourceTitle "CBM 167 Extra"]
[Source "ChessBase"]
[SourceDate "2015.09.14"]
[SourceVersion "1"]
[SourceVersionDate "2015.09.14"]
[SourceQuality "1"]

1. d4 Nf6 2. Nf3 g6 3. Bf4 Bg7 4. e3 c5 5. c4 0-0 6. Be2 d5 7. 0-0 cxd4 8. exd4 Nc6 9. h3 Bf5 10. Nc3 Rc8 11. c5 Ne4 12. Rc1 Qd7 13. Bb5 Rfd8 14. b4 Bxh3 15. gxh3 Qxh3 16. Bxc6 Rxc6 17. Nxe4 dxe4 18. Ne5 Rf6 19. Qd2 Rxd4 20. Qxd4 Rxf4 21. Rc3 Rg4+ 22. Nxg4 Qxg4+ 23. Rg3 Qxg3+ 24. fxg3 Bxd4+ 25. Kg2 Kf8 26. Rd1 e5 27. Re1 f5 28. g4 Ke7 29. gxf5 gxf5 30. Rh1 Kd7 31. Rh6 f4 32. a4 e3 33. Kf1 f3 34. Rxh7+ Kc6 35. Rh1 e2+ 36. Ke1 Bc3+ 37. Kf2 Bxb4 0-1

[Event "CAN-ch"]
[Site "Guelph"]
[Date "2015.07.10"]
[Round "1"]
[White "Zhang, Yuanchen"]
[Black "Schneider, Corin"]
[Result "1-0"]
[WhiteElo "2295"]
[BlackElo "1685"]
[PlyCount "23"]
[EventDate "2015.07.10"]
[EventType "swiss"]
[EventRounds "9"]
[EventCountry "CAN"]
[SourceTitle "CBM 167 Extra"]
[Source "ChessBase"]
[SourceDate "2015.09.14"]
[SourceVersion "1"]
[SourceVersionDate "2015.09.14"]
[SourceQuality "1"]

1. d4 d5 2. c4 c6 3. Nf3 Nf6 4. Nc3 e6 5. Bg5 Nbd7 6. e3 Qa5 7. cxd5 cxd5 8. Nd2 Bb4 9. Qc2 0-0 10. Bd3 h6 11. Bh4 a6 12. 0-0 1-0